000 00321nam a22001337a 4500
008 260310b |||||||| |||| 00| 0 eng d
020 _a9789355010537
040 _a02
100 _aDUBEY,R.C.
245 _aA TEXT BOOK OF BIOTECHNOLOGY
260 _aNEW DELHI
_bS CHAND AND COMPANY
_c2022
300 _a602
942 _c01
999 _c67126
_d67126